| Tag |
First Indicator |
Second Indicator |
Subfields |
| LEADER |
00000cam a2200000 4500 |
| 001 |
in00001476613 |
| 005 |
20151021062129.0 |
| 007 |
he bm||||||c| |
| 008 |
810507s1840 kyu b 000 0 eng d |
| 035 |
|
|
|a (OCoLC)07397962
|
| 035 |
|
|
|9 AJG0911AM
|
| 040 |
|
|
|a IXA
|c IXA
|d OCL
|d IXA
|d TXA
|d UtOrBLW
|
| 049 |
|
|
|a TXAI
|
| 099 |
|
|
|a fiche
|a C
|a 19529
|
| 100 |
1 |
|
|a Clay, Cassius Marcellus,
|d 1810-1903.
|
| 245 |
1 |
2 |
|a A review of the late canvass :
|b and R. Wickliffe's speech on the "Negro law."
|
| 264 |
|
1 |
|a Lexington, Ky. :
|b N. L. Finnell,
|c 1840.
|
| 300 |
|
|
|a 22 pages ;
|c 22 cm.
|
| 336 |
|
|
|a text
|b txt
|2 rdacontent
|
| 337 |
|
|
|a microform
|b h
|2 rdamedia
|
| 338 |
|
|
|a microfiche
|b he
|2 rdacarrier
|
| 533 |
|
|
|a Microfiche (negative).
|b Louisville, Ky.,
|c Lost Cause Press,
|d [1980?]
|e 2 sheets. 11 x 15 cm.
|f ([Slavery, source material and critical literature)
|
| 500 |
|
|
|a Microform.
|
| 651 |
|
0 |
|a Kentucky
|x Politics and government
|y 1792-1865.
|
| 600 |
1 |
0 |
|a Wickliffe, Robert,
|d 1775-1859.
|
| 650 |
|
0 |
|a African Americans
|x Law
|z Kentucky.
|
| 650 |
|
0 |
|a Slavery
|z Kentucky.
|
| 830 |
|
0 |
|a Slavery, source material and critical literature.
|
| 948 |
|
|
|a c:ce
|
| 999 |
|
|
|a MARS
|
| 999 |
f |
f |
|s 0e86d6ef-dc40-323b-9837-f681b248c708
|i 9193af9c-eca0-3369-a253-ffc71d2feddd
|t 0
|
| 952 |
f |
f |
|p default
|a Texas A&M University
|b College Station
|c Sterling C. Evans Library
|d Evans: Microforms (3rd floor)
|t 0
|e fiche C 19529
|h Other scheme
|i microform -- microfiche
|
| 998 |
f |
f |
|a fiche C 19529
|t 0
|l Evans: Microforms (3rd floor)
|